000 04090nam a22003617a 4500
005 20120615120222.0
010 _aB-485555-566
020 _a9788183302531
_c750.00
035 _aB-485555-566
037 _bके.के.पब्लिकेशंस
082 _a954.0841092
100 _aकुमार,एम.
_953611
245 _aबाल गंगाधर तिलक/
_cएम.कुमार एंव दीप्ति शर्मा
260 _aनई दिल्ली
_bअर्जुन पब्लिशिंग हाऊस
_c2011
270 _a483/24, प्रहलाद गली, अंसारी रोड, दरियागंज
_bनई दिल्ली
_e110002
_k23272541
300 _a265 पृ.
_c22 सें.मी.(सजिल्द)
700 _aशर्मा, दीप्ति
_949157
942 _2ddc
_cHN
_mकुमार
_h954.0841092
999 _c67979
_d67979